01127nab a22002057a 4500003000400000005001700004008004100021040000700062100003700069245009000106260007300196300001500269500004400284505029700328505008900625650001600714650002300730650003200753773013600785OSt20250223231406.0190603e xxum|||| |||| 00| 0 spa d cPJ aFerreira Morais, Ignacio Enrique10aFideicomiso inmobiliario : bun enfoque integral /cIgnacio Enrique Ferreira Morais. cCiudad Autónoma de Buenos Aires :aThomson Reuters La Ley, b2023. ap. 105-112 aCita Online: TR LALEY AR/DOC/2644/2023. aSumario: I. Introducción.— II. Fideicomiso.— III. Fideicomiso inmobiliario.— IV. El negocio fiduciario y la ejecución del dominio fiduciario.— V. Estructura del fideicomiso inmobiliario.— VI. Ventajas y utilidad práctica.— VII. Reflexiones finales.— VIII. Bibliografía.  t¿Te interesa el texto completo? Solicitalo al correo: koha@justierradelfuego.gov.ar 0aFIDEICOMISO 0aDOMINIO FIDUCIARIO 0aOBLIGACIONES DEL FIDUCIARIO0 02713dCiudad Autónoma de Buenos Aires : Thomson Reuters La Ley, 2015-tRevista Código Civil y Comercial. Nº 6 - Diciembre 2023